| 000 | 00764nam a2200181Ia 4500 | ||
|---|---|---|---|
| 008 | 100920s9999 xx 000 0 und d | ||
| 082 |
_b67106 _a51 थ 82 |
||
| 100 | _aदा. अच्युत. | ||
| 245 | _aखासदार अटलबिहारी वाजपेयी यांचे चरित्र. | ||
| 260 |
_bगाजरे शं. खं., पुणे. _c1982 |
||
| 300 |
_a66 _bसाधी |
||
| 365 | _b10 | ||
| 520 | _aचरित्र. | ||
| 630 | _aखासदार अटलबिहारी वाजपेयी यांचे चरित्र. | ||
| 650 | _aचरित्र. | ||
| 730 | _aखासदार अटलबिहारी वाजपेयी यांचे चरित्र. | ||
| 942 | _cBOOK | ||
| 999 |
_c709621 _d709618 |
||